| 000 | 01036cam a22003378a 4500 | ||
|---|---|---|---|
| 008 | |||
| 020 | _a0443064687 (pbk.) | ||
| 049 | _aMAIN | ||
| 090 |
_aRT69 _bWAU |
||
| 100 | 1 | _aWaugh, Anne. | |
| 245 | 1 | 0 |
_aRoss and Wilson anatomy and physiology in health and illness / _cAnne Waugh, Allison Grant. |
| 246 | 3 | 0 | _aAnatomy and physiology in health and illness |
| 250 | _a9th ed. | ||
| 260 |
_aEdinburgh : _bChurchill Livingstone, _c2001. |
||
| 300 |
_aviii, 484 p.: _bill. (some col.) ; _c29 cm. |
||
| 504 | _aIncludes bibliographical references. | ||
| 500 | _aIncludes index. | ||
| 650 | 0 | _aHuman anatomy. | |
| 650 | 0 | _aHuman physiology. | |
| 650 | 0 | _aPathology. | |
| 650 | 0 | _aNursing. | |
| 650 | 1 | 2 |
_aAnatomy _vNurses' Instruction. |
| 650 | 1 | 2 |
_aPhysiology _vNurses' Instruction. |
| 700 | 1 | _aGrant, Allison. | |
| 700 | 1 | _aRoss, Janet S. | |
| 907 |
_a.b10239406 _b16-05-13 _c19-04-07 |
||
| 003 | |||
| 005 | 20230123122010.0 | ||
| 040 | _cNUST | ||
| 942 |
_cBOOKS _kRT69 _mWAU |
||
| 999 |
_c126044 _d126044 |
||